| 000 | 00514nam a2200193Ia 4500 | ||
|---|---|---|---|
| 005 | 20250423095215.0 | ||
| 008 | 250422s9999 xx 000 0 und d | ||
| 020 | _a9780753457768 | ||
| 050 | _aGF 75 .B87/ | ||
| 100 | _aBurnie, David | ||
| 245 | 0 | _aEndangered planet | |
| 250 | _a1st ed. | ||
| 260 | _aBoston | ||
| 260 | _bKingfisher | ||
| 260 | _c2004 | ||
| 300 | _a63 p | ||
| 650 | _aNature--Effect of human beings on. Environmental degradation. Pollution. Environmental responsibility. | ||
| 942 | _cBK | ||
| 999 |
_c29570 _d29570 |
||